[Event "Pan American-ch School U13 12th"]
[Site "Callao"]
[Date "2023.10.21"]
[Round "9"]
[White "Solorzano Roncal, Ezzio Jose"]
[Black "Barrantes Cueva, Mateo Josue"]
[Result "1/2-1/2"]
[WhiteElo "1385"]
[BlackElo "1293"]
[PlyCount "124"]
[EventDate "2023.10.16"]
[EventType "swiss"]
[EventRounds "9"]
[EventCountry "PER"]
[SourceTitle "Mega2024 Update 01"]
[Source "Chessbase"]
[SourceDate "2023.11.12"]
[SourceVersion "1"]
[SourceVersionDate "2023.11.12"]
[SourceQuality "1"]

1. d4 Nf6 2. Bf4 e6 3. e3 b6 4. Nf3 Bb7 5. Nc3 a6 6. Bd3 Be7 7. 0-0 Nh5 8. Be5 d6 9. Bf4 Nxf4 10. exf4 0-0 11. Re1 Nd7 12. Ne4 Nf6 13. Nxf6+ Bxf6 14. c3 c5 15. Be4 d5 16. Bc2 Rc8 17. Rc1 Qd6 18. g3 Rc7 19. Bb3 Rfc8 20. Qd2 b5 21. a3 a5 22. Rc2 cxd4 23. Nxd4 Ba6 24. Rd1 Qb6 25. Nf3 Be7 26. Rdc1 Bc5 27. f5 Be7 28. fxe6 fxe6 29. Nd4 Rd8 30. Re1 Bc8 31. Qe2 Bc5 32. Rd2 Bxd4 33. Rxd4 Rf8 34. Bc2 Re7 35. Qe3 Qa7 36. Re2 Ref7 37. b3 Qc7 38. Rd3 b4 39. axb4 Ba6 40. b5 Bxb5 41. c4 dxc4 42. Rc3 Qd6 43. Qe4 g6 44. bxc4 Qb4 45. Rce3 Ba4 46. f4 Bxc2 47. Rxc2 e5 48. Rf2 exf4 49. Rxf4 Qd2 50. Rxf7 Rxf7 51. Re2 Qd1+ 52. Re1 Qd2 53. Qe8+ Kg7 54. Qe5+ Kg8 55. Qe3 Qxe3+ 56. Rxe3 Rc7 57. Rc3 a4 58. Kf2 a3 59. Rxa3 Rxc4 60. Ra7 Rc2+ 61. Kg1 Rb2 62. Rc7 Ra2 1/2-1/2

[Event "South America-ch U10 17th"]
[Site "Guayaquil"]
[Date "2022.01.27"]
[Round "4"]
[White "Arce Arduz, Luis Fernando"]
[Black "Barrantes Cueva, Mateo Josue"]
[Result "0-1"]
[WhiteElo "1239"]
[BlackElo "1187"]
[PlyCount "32"]
[EventDate "2022.01.25"]
[EventType "swiss"]
[EventRounds "9"]
[EventCountry "ECU"]
[SourceTitle "CBM 206 Extra"]
[Source "ChessBase"]
[SourceDate "2022.03.31"]
[SourceVersion "1"]
[SourceVersionDate "2022.03.31"]
[SourceQuality "1"]

1. e4 e6 2. d4 d5 3. e5 c5 4. c3 Nc6 5. Nf3 Nge7 6. a3 cxd4 7. cxd4 Nf5 8. b4 Qb6 9. Be3 Nxe3 10. fxe3 a6 11. Nbd2 Be7 12. Bd3 f6 13. exf6 Bxf6 14. Nb3 Qd8 15. Nc5 e5 16. dxe5 Nxe5 0-1